000 02295nam a2200253 a 4500
001 000011506
005 20240412074227.0
008 091019t1996 dr 000 j spa d
020 _a8489539243
040 _aDO-SdBNP
_bspa
_cBNPHU
082 _aRD863.4408
_bA634c
245 1 0 _aAntología del cuento dominicano /
_c[compilador] Diógenes Céspedes.
260 _aSanto Domingo :
_bEditora de Colores,
_c1996.
300 _a340 p. ;
_c24 cm.
504 _aIncluye referencias bibliográficas y notas al pie de las páginas.
504 _aBibliografía : p. 335-340
505 0 _aIntroducción : El problema de nuestras antologías --
_tProblema de validez de los métodos --
_tLas antologías profesorales --
_tCriterios de esta antología --
_tAutores y textos: La mancha indeleble /
_rJuan Bosch --
_tLa enemiga /
_rVirgilio Díaz Grullón --
_tLa espera /
_rHilma Contreras --
_tLa fértil agonía del amor /
_rMarcio Veloz Maggiolo --
_tIntuición femenina /
_rPedro Vergés --
_tCuriosidades /
_rJ. M. Sanz Lajara --
_tEl libertador /
_rRamón Marrero Aristy --
_tErnesto de Anquises /
_rFabio Fiallo --
_tAntojo femenino /
_rRenato de Soto --
_tDora /
_rDelia Weber --
_tEl ciempiés /
_rCarmen Stengre --
_tChito /
_rJosé Rijo --
_tAquel hospital /
_rVirgilio Díaz Ordoñez --
_tMi traje nuevo /
_rMiguel Ángel Jiménez --
_tUn hombre de la calle /
_rNéstor Caro --
_tEl oidor /
_rEfraim Castillo --
_tRuidos /
_rJosé Alcántara Almánzar --
_tAhora que vuelvo, Ton /
_rRené del Risco Bermúdez --
_tDelicatessen /
_rMiguel Alfonseca --
_tInfancia feliz /
_rArmando Almánzar Rodríguez --
_tEl hijo /
_rRamón Lacay Polanco --
_tPormenores de una servidumbre /
_rPedro Peix --
_tAntipólux /
_rDiógenes Valdez --
_tNo hay vacante /
_rRamón Francisco --
_tEl amor de Ana /
_rÁngela Hernández --
_tMecanismo del plagio /
_rAglae Echavarría --
_tUna visita de cortesía --
_tThe open window --
_rB. Saki (H. H. Munro) --
_tLa ventana abierta / --
_rtraducción de Cosette Álvarez y Diógenes Céspedes --
_tBibliografía.
590 _aInventariado, 2020/LP
650 4 _aCuentos dominicanos
_xColecciones
_9503
651 4 _aRepública Dominicana
_xAntologías Literarias
_922124
650 0 _aLiteratura dominicana.
_967
700 1 _aCéspedes, Diógenes,
_d1941-
_ecomp.
_920548
910 _aValidado. Control de calidad EMARRERO
999 _c11207
_d11207